Gene Regulation and metabolism (Record no. 234390)

000 -LEADER
fixed length control field 00264nam a22001097a 4500
003 - CONTROL NUMBER IDENTIFIER
control field Nust
005 - DATE AND TIME OF LATEST TRANSACTION
control field 20170320115946.0
008 - FIXED-LENGTH DATA ELEMENTS--GENERAL INFORMATION
fixed length control field 140526t xxu||||| |||| 00| 0 eng d
020 ## - INTERNATIONAL STANDARD BOOK NUMBER
International Standard Book Number 818052053-6
040 ## - CATALOGING SOURCE
Transcribing agency ASAB
082 ## - DEWEY DECIMAL CLASSIFICATION NUMBER
Classification number 572.8
100 ## - MAIN ENTRY--PERSONAL NAME
9 (RLIN) 900
245 ## - TITLE STATEMENT
Title Gene Regulation and metabolism
Remainder of title postgenomic computational approaches
Statement of responsibility, etc. edited by Julio Collado-vides
300 ## - PHYSICAL DESCRIPTION
Extent 310 p
942 ## - ADDED ENTRY ELEMENTS (KOHA)
Source of classification or shelving scheme
Koha item type Book
Holdings
Withdrawn status Lost status Source of classification or shelving scheme Damaged status Not for loan Collection code Permanent Location Current Location Date acquired Total Checkouts Full call number Barcode Date last seen Price effective from Koha item type
            Central Library (CL) Central Library (CL) 03/20/2017   572.8 COL ASAB1630 08/29/2023 03/20/2017 Book
© 2023 Central Library, National University of Sciences and Technology. All Rights Reserved.